Normal view
MARC view
Entry Personal Name
001 - CONTROL NUMBER
- control field: 1576
003 - CONTROL NUMBER IDENTIFIER
- control field: BD-RjUL
005 - DATE AND TIME OF LATEST TRANSACTION
- control field: 20220223163132.0
008 - FIXED-LENGTH DATA ELEMENTS
- fixed length control field: 220223|| aca||aabn | a|a d
040 ## - CATALOGING SOURCE
- Original cataloging agency: BD-RjUL
- Transcribing agency: BD-RjUL
100 ## - HEADING--PERSONAL NAME
- Personal name: Bhuiya, Md. Abu Bakr Siddique, Supervisor
670 ## - SOURCE DATA FOUND
- Source citation: Work cat.: (BD-RjUL)79453: Kabir, Md. Arafat 1574, Role of modernization process in the life style of Santal community in Bangladesh :, 2011